000
00235 a2200097 4500
001
53106
100
_a
Pindyck R S
245
_a
Econometric Models and Economic Forecasts
260
_a
New York
_b
McGraw-Hill
_c
090
_c
33393
_d
33393
942
_a
NUST-CAE
_c
M
_c
25995
999
_c
288179
_d
288179